Biggest Cities in Lebanon - Statistics

General Stats
  • This quiz has been taken 255 times
    221 since last reset
  • The average score is 5 of 10
Answer Stats
Population City % Correct
1,916,100 Beirut
99%
730,000 Tripoli
85%
60,204 Tyre
78%
75,000 Sidon
71%
10,392 Baalbek
49%
85,000 Zahle
42%
35,500 Jounieh
38%
50,000 Nabatieh
30%
35,312 Batroun
25%
65,000 Aley
17%
No matching quizzes found
Score Distribution
Percent of People with Each Score
Percentile by Number Answered
Your Score History
You have not taken this quiz since the last reset